Statistics for Resident Evil Revelations - Weapon Names

Click here to take the quiz!

General Stats

  • This quiz has been taken 4 times
  • The average score is 3 of 20

Answer Stats

TypeAnswer% Correct
GrenadeHand Grenade
67%
MachinegunAUG
33%
HandgunG18
33%
MachinegunG36
33%
ShotgunHydra
33%
HandgunM92F
33%
MachinegunMP5
33%
LauncherRocket Launcher
33%
GrenadeB.O.W. Grenade
0%
HandgunGovernment
0%
MagnumL. Hawk
0%
ShotgunM3
0%
RifleM40A1
0%
MachinegunP90
0%
HandgunPC356
0%
RiflePSG1
0%
GrenadePulse Grenade
0%
MagnumPython
0%
GrenadeShock Grenade
0%
ShotgunWindham
0%

Score Distribution

Percentile by Number Answered

Percent of People with Each Score

Your Score History

You have not taken this quiz